| 000 | 00373nam a2200145Ia 4500 | ||
|---|---|---|---|
| 008 | 230917s9999||||xx |||||||||||||| ||und|| | ||
| 040 |
_e100740 _aMAIN |
||
| 041 | _aEnglish | ||
| 082 | _a954.025 H19P | ||
| 100 | _aHansen, Waldemar | ||
| 245 | 0 | _aPeacock throne: the drama of mogul India | |
| 260 |
_aDelhi _bMotilal Banarsidass _c1996 |
||
| 300 | _a560 p. | ||
| 942 | _cBK | ||
| 999 |
_c121941 _d121941 |
||